History Quiz

Random History or Politics Quiz

Iowa Caucus Winners and Their Fate Quiz Stats

 Plays Quiz Updated Jan 20, 2021

Support Sporcle.
Go Orange.
Score 0/44 Timer 08:00
0 Plays Today
% Correct
President Jimmy Carter
97.4%
George H.W. Bush
92.3%
President Ronald Reagan
91.3%
Unopposed for nomination. Was reelected.
88.4%
President Bill Clinton
87.4%
George W. Bush
86.9%
President George W. Bush
86.7%
Barack Obama
86.7%
President Barack Obama
86.5%
Hillary Rodham Clinton
86.2%
President George H.W. Bush
85.6%
Unopposed for nomination. Was reelected.
85.3%
Unopposed for nomination. Was reelected.
85.1%
Al Gore
84.9%
Elected President.
84.8%
Elected President by the Electoral College
84.3%
Unopposed for nomination. Was reelected.
84.3%
John Kerry
83.4%
Ted Cruz
82.3%
Won the nomination and the popular vote, lost the electoral vote.
81.7%
Won the nomination, lost the general election.
81.1%
Won the nomination, lost the general election.
81%
% Correct
Donald Trump
80.6%
Dropped out in March, had the 3rd most delegates
80.1%
Bob Dole
75.1%
Won the nomination, lost the general election.
74.4%
Dropped out in April, had the 2nd most delegates.
72.2%
Bob Dole
71.8%
Withdrew in March, would run again.
70.9%
Mike Huckabee
69.8%
Walter Mondale
69.6%
Won the nomination, lost the general election.
69%
Rick Santorum
63.9%
Unopposed in caucus, Nominated, but not reelected.
63.7%
Was first to drop out and support leader in March.
59.3%
Pete Buttigieg
58.3%
Dropped out in March, became House Majority Leader
55.9%
Won the nomination, lost the general election.
54.9%
Dropped out in March, would run again.
50.8%
Dropped out in May, became Vice President
41.4%
Dropped out in May, had the 2nd most delegates.
30%
Dick Gephardt
29.1%
Won the nomination, lost the general election.
22.2%
Tom Harkin
18.8%

You're not logged in!

Compare scores with friends on all Sporcle quizzes.
OR
Log In

From the Vault

Paint by Trivia: Egyptian Mythology

by bhenderson79

Would you call an ancient Egyptian building plan a pyramid scheme?
Remove Ads.
Support Sporcle.
Get the best of Sporcle when you Go Orange. This ad-free experience offers more features, more stats, and more fun while also helping to support Sporcle. Thank you for becoming a member.

Show Comments

Extras

Top Quizzes Today


Score Distribution

Your Account Isn't Verified!

In order to create a playlist on Sporcle, you need to verify the email address you used during registration. Go to your Sporcle Settings to finish the process.

Report this User

Report this user for behavior that violates our Community Guidelines.

Details: